ბათუმის შოთა რუსთაველის სახელმწიფო უნივერსიტეტის ბიბლიოთეკა

История древнего мира в художественно-исторических образах : (ბიბ.ჩანაწერი № 61120)

000 -LEADER
fixed length control field 00818nam a22001817a 4500
005 - DATE AND TIME OF LATEST TRANSACTION
control field 20231220161810.0
008 - FIXED-LENGTH DATA ELEMENTS--GENERAL INFORMATION
fixed length control field 231220s1978 ru ||||| |||| 00| 0 rus d
041 ## - LANGUAGE CODE
Language code of text/sound track or separate title rus
080 ## - UNIVERSAL DECIMAL CLASSIFICATION NUMBER
Universal Decimal Classification number 930 B-68
100 ## - MAIN ENTRY--PERSONAL NAME
Personal name Волобуев О. В.
9 (RLIN) 20813
245 ## - TITLE STATEMENT
Title История древнего мира в художественно-исторических образах :
Remainder of title Хрестоматия. Пособие для учителей /
Statement of responsibility, etc. О. В. Волобуев, А. В. Шестаков.
250 ## - EDITION STATEMENT
Edition statement Издание второе, дополненное.
264 ## - PRODUCTION, PUBLICATION, DISTRIBUTION, MANUFACTURE, AND COPYRIGHT NOTICE
Place of production, publication, distribution, manufacture Москва :
Name of producer, publisher, distributor, manufacturer Просвещение,
Date of production, publication, distribution, manufacture, or copyright notice 1978.
300 ## - PHYSICAL DESCRIPTION
Extent 224 с.:
Other physical details 23 см.
653 ## - INDEX TERM--UNCONTROLLED
keyword ანტიკური სამყარო
700 ## - ADDED ENTRY--PERSONAL NAME
Personal name Шестаков, А. В.
Relator term ავტორი
9 (RLIN) 20814
942 ## - ADDED ENTRY ELEMENTS (KOHA)
Source of classification or shelving scheme
Koha item type წიგნი
ეგზემპლარები
Withdrawn status Lost status Source of classification or shelving scheme Damaged status Not for loan Permanent Location Current Location Shelving location Date acquired Cost, normal purchase price Full call number Barcode Date last seen Copy number Uniform Resource Identifier Price effective from Koha item type Public note
          ბათუმის შოთა რუსთაველის სახელმწიფო უნივერსიტეტის მთავარი ბიბლიოთეკა ბათუმის შოთა რუსთაველის სახელმწიფო უნივერსიტეტის მთავარი ბიბლიოთეკა წიგნსაცავი 2023-12-20 5.00 930 B-68 65629 2023-12-20 65629 ბსუ-ს საპატიო დოქტორის გურამ ლორთქიფანიძის საჩუქარი 2023-12-20 წიგნი 5 ლ.